000
00320nam a2200109Ia 4500
008
171211s9999 xx 000 0 und d
245
4
_a
The Oxford Handbook of Sound Studies
245
_c
Karin Bijsterveld and Trevor Pinch
260
_c
2011
650
_x
music
856
_u
http://down.ebook777.com/062/9780195388947.pdf
999
_c
348646
_d
348646